|
|
|
|
| LEADER |
01292cam a2200313 7i4500 |
| 001 |
0000034125 |
| 005 |
20170315090000.0 |
| 007 |
##ta |
| 008 |
170315s2016 enka 001 0 eng |
| 020 |
# |
# |
|a 9781137561770
|
| 040 |
# |
# |
|a DLC
|
| 090 |
0 |
0 |
|a I 338.90091724
|b EME
|
| 245 |
0 |
0 |
|a Emerging Powers, Emerging Markets, Emerging Societies :
|b Global Responses
|c Edited by Steen Fryba Christensen Associate Professor, Aalborg University, Denmark and Li Xing Professor, Aalborg University, Denmark.
|
| 264 |
# |
1 |
|a New York:
|b Palgrave Macmillan,
|c 2016.
|
| 300 |
# |
# |
|a xiii, 277 pages:
|b illustrations;
|c 23 cm.
|
| 336 |
# |
# |
|a text
|2 rdacontent
|
| 337 |
# |
# |
|a unmediated
|2 rdamedia
|
| 338 |
# |
# |
|a volume
|2 rdacarrier
|
| 490 |
0 |
# |
|a International political economy series
|
| 500 |
# |
# |
|a Includes index
|
| 650 |
# |
0 |
|a Economic development --
|z Developing countries
|
| 651 |
# |
0 |
|a BRIC countries --
|x Economic conditions
|
| 651 |
# |
0 |
|a Developing countries --
|x Economic conditions
|
| 651 |
# |
0 |
|a BRIC countries --
|x Foreign relations
|
| 651 |
# |
0 |
|a Developing countries --
|x Foreign relations
|
| 651 |
# |
0 |
|a Developing countries --
|x Politics and government
|
| 700 |
1 |
# |
|a Christensen, Steen Fryba
|
| 700 |
1 |
# |
|a Li, Xing(
|d 1962-)
|
| 999 |
|
|
|a 0000038147
|b Book
|c International
|e Business Information Centre
|